000 00630nam a22002057a 4500
999 _c7486
_d7486
003 OSt
005 20211115164922.0
008 211115b ||||| |||| 00| 0 eng d
020 _a0761965939
040 _cDDC
082 _a001.42 BUR 2000
100 _aBurns, Robert B.
_915342
245 _aIntroduction to research methods
260 _aLondon:
_bSAGE;
_c 2000
300 _aix, 613 pages :
_b illustrations ;
_c 25 cm
504 _aIncludes bibliographical references and index
650 _aSocial sciences -- Research -- Methodology
_915209
650 _a Education -- Research -- Methodology
_915343
942 _2ddc
_cBOOK